3 Flops, 1 Actor II Quiz Stats

 Plays Quiz Updated Nov 6, 2017

Score 0/30 Timer 06:00
1 Play Today
% Correct
Will Smith
86.4%
Ryan Reynolds
79.8%
Robin Williams
77.4%
Kurt Russell
77.2%
Vin Diesel
76.3%
Jack Black
76.3%
Jim Carrey
76.3%
Kevin Costner
74%
Eddie Murphy
65.1%
Sandra Bullock
64.2%
Morgan Freeman
59%
Vince Vaughn
57.9%
Gary Oldman
50.7%
Salma Hayek
49.4%
Owen Wilson
48.2%
% Correct
Jeremy Irons
46.4%
Matt Damon
46.3%
Ben Stiller
46.3%
Jude Law
46.3%
Jack Nicholson
45.9%
Lindsay Lohan
44.4%
Faye Dunaway
38.5%
Woody Harrelson
38.5%
Megan Fox
35.8%
Adrien Brody
35.6%
Olivia Wilde
35.5%
Justin Timberlake
27.5%
Ewan McGregor
24.4%
Whoopi Goldberg
24%
Josh Lucas
23.9%

You're not logged in!

Compare scores with friends on all Sporcle quizzes.
OR
Log In

You Might Also Like...

Show Comments

Extras

Top Quizzes Today


Score Distribution

Your Account Isn't Verified!

In order to create a playlist on Sporcle, you need to verify the email address you used during registration. Go to your Sporcle Settings to finish the process.

Report this User

Report this user for behavior that violates our Community Guidelines.

Details: